Statistiques concernant Départements de France - plus grand au plus petit avec carte

Cliquez ici pour prendre le quiz!

Statistiques générales

  • Ce quiz a été pris 969 fois
  • Le résultat moyen est 38 sur 101

Réponses sur la Carte

Les réponses sont colorées sur une échelle allant du rouge au vert en fonction du pourcentage des utilisateurs qui les ont devinées à leur premier essai. Vous pouvez retrouver ces pourcentages ci-dessous.
Chargement ...
 

Statistiques - réponses

DépartementSuperficie (km²)% Correct
Guyane83534
97%
Gironde10725
92%
Landes9243
89%
Dordogne9060
75%
Côte-d'Or8763
72%
Aveyron8735
70%
Saône-et-Loire8575
65%
Marne8162
64%
Puy-de-Dôme7970
62%
Pyrénées-Atlantiques7645
60%
Paris105
58%
Isère7431
58%
Aisne7369
56%
Yonne7427
55%
Hauts-de-Seine176
53%
Seine-Saint-Denis236
52%
Val-de-Marne245
50%
Allier7340
50%
Territoire de Belfort609
49%
Cher7235
49%
Mayotte376
48%
Martinique1128
47%
Maine-et-Loire7166
47%
Guadeloupe1628
46%
Val-d'Oise1246
46%
Essonne1804
45%
Yvelines2284
44%
Vienne6990
43%
Alpes-de-Haute-Provence6925
43%
La Réunion2512
42%
Rhône3249
41%
Charente-Maritime6864
39%
Vaucluse3567
38%
Haut-Rhin3525
38%
Nièvre6817
38%
Côtes-d'Armor6878
37%
Tarn-et-Garonne3718
37%
Morbihan6823
36%
Bas-Rhin4755
35%
Indre6791
35%
Vendée6720
35%
Corse-du-Sud4014
34%
Loire-Atlantique6815
34%
Finistère6733
34%
Pas-de-Calais6671
34%
Haute-Savoie4388
34%
Haute-Corse4666
33%
Alpes-Maritimes4299
32%
Drôme6530
32%
Loiret6775
32%
Ille-et-Vilaine6775
32%
Loire4781
31%
Seine-Maritime6278
30%
Pyrénées-Orientales4116
30%
Lot5217
29%
Ariège4890
29%
Haute-Garonne6309
29%
Jura4999
29%
Hautes-Pyrénées4464
29%
Eure6040
28%
Somme6170
28%
Moselle6216
28%
Gers6257
28%
Sarthe6206
27%
Meuse6211
27%
Loir-et-Cher6343
27%
Meurthe-et-Moselle5246
27%
Lozère5167
27%
Ardennes5229
27%
Bouches-du-Rhône5087
26%
Seine-et-Marne5915
26%
Haute-Marne6211
26%
Lot-et-Garonne5361
26%
Aude6139
26%
Hérault6101
26%
Savoie6028
26%
Var5973
26%
Nord5743
26%
Manche5938
26%
Mayenne5175
25%
Doubs5234
25%
Indre-et-Loire6127
25%
Orne6103
25%
Deux-Sèvres5999
25%
Eure-et-Loir5880
25%
Oise5860
25%
Haute-Loire4977
25%
Haute-Saône5360
25%
Tarn5758
24%
Charente5956
24%
Aube6004
24%
Calvados5548
24%
Ardèche5529
24%
Ain5762
24%
Corrèze5857
23%
Vosges5874
23%
Gard5853
23%
Cantal5726
23%
Hautes-Alpes5549
23%
Creuse5565
22%
Haute-Vienne5520
21%

Distribution des résultats

Percentile par nombre de réponses

% des personnes avec chaque résultat

Votre développement - résultats

Vous n’avez pas pris ce quiz